Statistiques concernant Drapeaux des pays d'Amérique - Aléatoire

Cliquez ici pour prendre le quiz!

Statistiques générales

  • Ce quiz a été pris 174 fois
    (172 depuis la dernière actualisation)
  • Le résultat moyen est 16 sur 20

Statistiques - réponses

Réponse% Correct
Brésil
98%
Honduras
98%
Argentine
96%
Vénézuela
96%
Canada
95%
États-Unis
95%
Mexique
95%
Équateur
93%
Uruguay
93%
Colombie
92%
Jamaïque
91%
Chili
90%
Panama
90%
Barbade
88%
Cuba
86%
République dominicaine
81%
Sainte-Lucie
81%
Costa Rica
80%
Paraguay
80%
Haïti
78%
Salvador
77%
Nicaragua
74%
Pérou
74%
Guatemala
73%
Bahamas
72%
Suriname
71%
Trinité-et-Tobago
71%
Bolivie
69%
Antigua-et-Barbuda
67%
Belize
67%
Saint-Vincent-et-les Grenadines
67%
Grenade
66%
Dominique
65%
Guyana
63%
Saint-Christophe-et-Niévès
55%

Distribution des résultats

Percentile par nombre de réponses

% des personnes avec chaque résultat

Votre développement - résultats

Vous n’avez pas pris ce quiz depuis la dernière actualisation